El señor presidente

Guardat en:
Dades bibliogràfiques
Autor principal: Asturias, Miguel Angel (Autor)
Format: Llibre
Idioma:espanyol
Publicat: Buenos Aires Losada 1955
Edició:2a. ed
Col·lecció:Novelistas de España y América
Matèries:
Etiquetes: Afegir etiqueta
Sense etiquetes, Sigues el primer a etiquetar aquest registre!

MARC

LEADER 00000nam a2200000 a 4500
001 UCT4770
003 CL-VaPUC
008 961122e19550000AG |||||||||||||||||spa|d
082 0 4 |a Gu863  |b AST  |2 21 
100 0 |a Asturias, Miguel Angel  |e author  |9 309802 
245 1 3 |a El señor presidente 
250 |a 2a. ed 
300 |a 307 p 
942 |c BK 
945 |d 19961122 00:00:00  |a rleighto 
260 |a Buenos Aires  |b Losada  |c 1955 
650 0 |a Novelas guatemaltecas  |9 315656 
583 |a last modification  |c 19961122 00:00:00  |k Rodrigo Vera 
490 0 |a Novelistas de España y América 
999 |c 253926  |d 253924 
952 |0 0  |1 0  |4 0  |6 GU_863_000000000000000_AST_1955  |7 0  |8 A  |9 275118  |a BIBEDU  |b BIBEDU  |d 2019-11-19  |i 3253465  |o Gu863 AST 1955  |p 3253465  |r 2019-11-19  |w 2019-11-19  |y BK  |k LIT